The clue of the dancing puppet / (Record no. 349752)
[ view plain ]
| 000 -LEADER | |
|---|---|
| fixed length control field | 01442cam a22003731 4500 |
| 001 - CONTROL NUMBER | |
| control field | ocm01281554 |
| 005 - DATE AND TIME OF LATEST TRANSACTION | |
| control field | 20200504145500.0 |
| 008 - FIXED-LENGTH DATA ELEMENTS--GENERAL INFORMATION | |
| fixed length control field | 800124r20031990nyua j 000 0 engm |
| 010 ## - LIBRARY OF CONGRESS CONTROL NUMBER | |
| LC control number | 62000898 |
| 020 ## - INTERNATIONAL STANDARD BOOK NUMBER | |
| International Standard Book Number | 9780448095394 (hbk.) |
| 035 ## - SYSTEM CONTROL NUMBER | |
| System control number | 19724 |
| 035 ## - SYSTEM CONTROL NUMBER | |
| System control number | (OCoLC)1281554 |
| 040 ## - CATALOGING SOURCE | |
| Original cataloging agency | DLC |
| Transcribing agency | DLC |
| Modifying agency | m.c. |
| -- | DAD |
| -- | OCoLC |
| Description conventions | rda |
| 092 ## - LOCALLY ASSIGNED DEWEY CALL NUMBER (OCLC) | |
| Classification number | junior fiction |
| 100 1# - MAIN ENTRY--PERSONAL NAME | |
| Personal name | Keene, Carolyn. |
| 9 (RLIN) | 8990 |
| 245 14 - TITLE STATEMENT | |
| Title | The clue of the dancing puppet / |
| Statement of responsibility, etc | Carolyn Keene. |
| 260 ## - PUBLICATION, DISTRIBUTION, ETC. (IMPRINT) | |
| Place of publication, distribution, etc | New York : |
| Name of publisher, distributor, etc | Grosset & Dunlap, |
| Date of publication, distribution, etc | 2003, c1990. |
| 264 ## - Production, Publication, Distribution, Manufacture, and Copyright Notice. | |
| Place of production, publication, distribution, manufacture | New York |
| Name of producer, publisher, distributor, manufacturer | Grosset & Dunlap |
| Date of production, publication, distribution, manufacture, or copyr | 2003 |
| 300 ## - PHYSICAL DESCRIPTION | |
| Extent | 177 p. |
| Other physical details | ill. |
| Dimensions | 20 cm. |
| 336 ## - Content Type | |
| Content type term | rdacontent |
| 337 ## - Media type | |
| Media type term | rdamedia |
| 338 ## - Carrier type | |
| Carrier type term | rdacarrier |
| 490 1# - SERIES STATEMENT | |
| Series statement | Nancy Drew mystery stories ; |
| Volume number/sequential designation | 39. |
| 520 0# - SUMMARY, ETC. | |
| Summary, etc | Nancy Drew and her friends attempt to solve the mysteries surrounding ghostly performances of a life size puppet and the Footlighters acting group. |
| 600 10 - SUBJECT ADDED ENTRY--PERSONAL NAME | |
| Personal name | Drew, Nancy |
| Titles and other words associated with a name | (Fictitious character) |
| Form subdivision | Juvenile fiction. |
| 9 (RLIN) | 6357231 |
| 650 #0 - SUBJECT ADDED ENTRY--TOPICAL TERM | |
| Topical term or geographic name as entry element | Women detectives |
| Form subdivision | Juvenile fiction. |
| 9 (RLIN) | 5717990 |
| 650 #0 - SUBJECT ADDED ENTRY--TOPICAL TERM | |
| Topical term or geographic name as entry element | Friendship |
| Form subdivision | Juvenile fiction. |
| 9 (RLIN) | 5673647 |
| 650 #0 - SUBJECT ADDED ENTRY--TOPICAL TERM | |
| Topical term or geographic name as entry element | Puppets |
| Form subdivision | Juvenile fiction. |
| 9 (RLIN) | 5703268 |
| 650 #0 - SUBJECT ADDED ENTRY--TOPICAL TERM | |
| Topical term or geographic name as entry element | Mansions |
| Form subdivision | Juvenile fiction. |
| 9 (RLIN) | 6357232 |
| 655 #7 - INDEX TERM--GENRE/FORM | |
| Genre/form data or focus term | Detective and mystery fiction. |
| Source of term | lcgft. |
| 9 (RLIN) | 5683641 |
| 800 1# - SERIES ADDED ENTRY--PERSONAL NAME | |
| Personal name | Keene, Carolyn. |
| Title of a work | Nancy Drew mystery stories ; |
| Volume/sequential designation | 39. |
| 9 (RLIN) | 20509 |
| 907 ## - LOCAL DATA ELEMENT G, LDG (RLIN) | |
| a | .b28625542x |
| 942 ## - ADDED ENTRY ELEMENTS (KOHA) | |
| Source of classification or shelving scheme | Dewey Decimal Classification |
| Koha item type | BOOK |
| Withdrawn status | Lost status | Source of classification or shelving scheme | Damaged status | Not for loan | Collection code | Home library | Current library | Shelving location | Date acquired | Source of acquisition | Serial Enumeration / chronology | Total Checkouts | Total Renewals | Full call number | Barcode | Date last seen | Date checked out | Cost, replacement price | Price effective from | Koha item type |
|---|---|---|---|---|---|---|---|---|---|---|---|---|---|---|---|---|---|---|---|---|
| Dewey Decimal Classification | Junior Fiction | Wasatch County Library | Wasatch County Library | Main Floor Junior Area | 05/04/2020 | Micromarketing | #39 | 9 | 7 | J Keene | 34301001638784 | 12/26/2025 | 12/08/2025 | 8.99 | 05/04/2020 | BOOK |
